| 000 | 00419nam a2200133Ia 4500 | ||
|---|---|---|---|
| 008 | 231017s9999 xx 000 0 und d | ||
| 082 | _a363.3495KAU | ||
| 082 | _bKAU | ||
| 245 | 0 | _aInternational conference on 8 October 2005 Earthquake in Pakistan: Its implications and Hazard Mitigation | |
| 245 | 0 | _cDG Geological Survey of Pakistan | |
| 260 | _bDG Geological Survey of Pakistan | ||
| 300 | _c30cm | ||
| 942 | _cREP | ||
| 999 |
_c605036 _d605036 |
||